00715nam a22001817a 4500003000900000008004100009040007100050082003000121100002700151245006100178260003300239300002600272505014300298650002600441650002700467650002300494650001600517AR-CdUCM190329b ||||| |||| 00| 0 spa d aMUNICIPALIDAD PROVINCIAL DEL CUSCOcBIBLIOTECA MUNICIPAL DEL CUSCO a869.551 /bG66 P / 1924  aGonzalez Prada, Manuel aPor los mas notables escritores del Perú y América / aCusco :bH. G. Rozas,c1924. a226 paginas ;c20 cm. aContenido : De German Leguía i Martinez -- De E. Castro Oyanguren -- De Federico Moore -- Critica nacional -- De Ramiro Perez Reinoso... aManuel Gonzales Prada aRamiro Pérez Reinoso aPerú y América aEscritores